Teams with a 100% Record in FA Cup Finals - Statistics

General Stats
  • This quiz has been taken 398 times
  • The average score is 4 of 9
Answer Stats
Year(s) Club % Correct
2013 Wigan Athletic
89%
1988 Wimbledon
72%
1978 Ipswich Town
60%
1987 Coventry City
58%
1872, 1873, 1876, 1877, 1878 Wanderers
42%
1900, 1903 Bury
28%
1911 Bradford City
23%
1883 Blackburn Olympic
16%
1881 Old Carthusians
12%
No matching quizzes found
Score Distribution
Percent of People with Each Score
Percentile by Number Answered
Your Score History
You have not taken this quiz